Statystyki dla Wszyscy ćwierćfinaliści ligi mistrzów

Kliknij tutaj aby rozwiązać quiz!

Ogólne statystyki

  • Ten quiz został rozwiązany 45 razy
  • Średni wynik to 40 z 54

Statystyki odpowiedzi

KlubKrajLiczba ćwierćfinałów
Sezon pierwszego ćwierćfinału
% Poprawnych
Bayern MonachiumNiemcy2194/95
100%
Real MadrytHiszpania1995/96
100%
InterWłochy798/99
98%
LiverpoolAnglia901/02
98%
Manchester CityAnglia715/16
98%
PSGFrancja794/95
98%
AjaxHolandia594/95
95%
BarcelonaHiszpania1894/95
95%
JuventusWłochy1295/96
95%
Manchester UnitedAnglia1496/97
95%
MilanWłochy894/95
95%
ArsenalAnglia600/01
93%
Atletico MadrytHiszpania696/97
93%
ChelseaAnglia1299/00
93%
PortoPortugalia796/97
93%
BenficaPortugalia794/95
90%
Borussia DortmundNiemcy795/96
90%
Legia WarszawaPolska195/96
88%
MarsyliaFrancja111/12
88%
PSVHolandia204/05
86%
LyonFrancja503/04
83%
TottenhamAnglia210/11
83%
Dynamo KijówUkraina297/98
81%
ValenciaHiszpania499/00
81%
NapoliWłochy122/23
79%
RB LipskNiemcy119/20
79%
RomaWłochy306/07
79%
SevillaHiszpania117/18
79%
Bayer LeverkusenNiemcy297/98
74%
GalatasarayTurcja200/01
71%
SzachtarUkraina110/11
71%
LazioWłochy199/00
69%
SchalkeNiemcy207/08
69%
MonacoFrancja497/98
67%
AtalantaWłochy119/20
64%
LeicesterAnglia116/17
64%
OlympiakosGrecja198/99
64%
PanathinaikosGrecja295/96
62%
VillarrealHiszpania305/06
62%
WolfsburgNiemcy115/16
60%
CSKARosja109/10
57%
DeportivoHiszpania300/01
55%
Spartak MoskwaRosja195/96
55%
APOELCypr111/12
52%
FenerbahceTurcja107/08
50%
MalagaHiszpania112/13
50%
GoteborgSzwecja194/95
48%
RosenborgNorwegia196/97
45%
BordeauxFrancja109/10
43%
AuxerreFrancja196/97
40%
Hajduk SplitChorwacja194/95
40%
Leeds UnitedAnglia100/01
40%
NantesFrancja195/96
40%
KaiserslauternNiemcy198/99
24%

Rozkład punktacji

Percentyl według liczby udzielonych odpowiedzi

Procent ludzi z każdym wynikiem

Twoja historia wyników

Nie rozwiązałeś tego quizu